000 01074nam0a22002531 4500
001 rc\498545
005 20030616171724.7
035 _a(NLR Aleph) 005739771
090 _a4725804
_c4725804
100 _a20030616d1987 u |0rusy50 ca
101 0 _arus
102 _aRU
105 _ay |||||||||
200 1 _aПерспективы развития горной науки в области открытой разработки месторождений полезных ископаемых
210 _aМ.
_cБ. и.
_d1987
215 _a9 с.
_d20
225 1 _aПрепринт
_fАН СССР, Ин-т пробл. комплекс. освоения недр, Науч. совет АН СССР по физ.-техн. пробл. разраб. полез. ископаемых
700 1 _aРжевский
_bВ. В.
_f1919-1992
_gВладимир Васильевич
701 1 _aТрубецкой
_bК. Н.
_gКлимент Николаевич
801 0 _aRU
_bNLR
_gpsbo
801 1 _aRU
_bELAR
_2rusmarc
852 _aNLR
_j88-4/5595
942 _cBOOK
980 _aNB